Vizsgalati modszerek a lelektanban

Uložené v:
Podrobná bibliografia
Hlavný autor: VINCZE, L. (Author)
Médium: Kniha
Jazyk:Hungarian
Vydané: 1967
Tagy: Pridať tag
Žiadne tagy, Buďte prvý kto otaguje tento záznam!

MARC

LEADER 00000nam a2200000 a 4500
001 000171807
005 00000000000000.0
008 040101s1967 e huno
041 0 |a hun 
100 1 |a VINCZE, L.  |4 aut 
245 1 0 |a Vizsgalati modszerek a lelektanban 
260 |c 1967 
500 |a Záznam neprešiel kontrolou 
910 |a svkkk 
998 |a BK 
090 |g SCKHL  |k Sklad Pribinova 2. posch.  |a II.159917  |i 171807-10  |s Absenčne